00360nam a2200133Ia 4500008004100000040001700041041001200058082001900070100002400089245005500113250001200168260003100180300001500211230917s9999||||xx |||||||||||||| ||und|| e209571aMAIN aEnglish a519.5 W848I(4) aWonnacott, Thomas H 0aIntroductory statistics for business and economics a4th ed. aNew YorkbJohn Wileyc1990 axv, 815 p.